<?xml version="1.0" encoding="UTF-8"?>
<marc:record xmlns:marc="http://www.loc.gov/MARC21/slim">
   <marc:leader>00000nam a2200000 a 4500</marc:leader>
   <marc:datafield ind1="1" ind2=" " tag="100">
      <marc:subfield code="a">Messner, Reinhold</marc:subfield>
      <marc:subfield code="4">aut</marc:subfield>
      <marc:subfield code="e">Verfasser/-in</marc:subfield>
   </marc:datafield>
   <marc:datafield ind1="1" ind2=" " tag="100">
      <marc:subfield code="a">Söllner, Maria Anna</marc:subfield>
   </marc:datafield>
   <marc:datafield ind1="1" ind2=" " tag="100">
      <marc:subfield code="a">Filippini, Allessandro</marc:subfield>
   </marc:datafield>
   <marc:datafield ind1="1" ind2=" " tag="100">
      <marc:subfield code="a">Calvi, Luca</marc:subfield>
   </marc:datafield>
   <marc:datafield ind1=" " ind2=" " tag="653">
      <marc:subfield code="a">Freiklettern</marc:subfield>
   </marc:datafield>
   <marc:datafield ind1="0" ind2="0" tag="245">
      <marc:subfield code="a">Mord am Unmöglichen</marc:subfield>
   </marc:datafield>
   <marc:datafield ind1="0" ind2="0" tag="245">
      <marc:subfield code="b">Spitzenkletterer aus aller Welt hinterfragen die Grenzen des Möglichen</marc:subfield>
   </marc:datafield>
   <marc:datafield ind1="0" ind2="0" tag="245">
      <marc:subfield code="c">Reinhold Messner ; herausgegeben von Luca Calvi und Alessandro Filippini ; Übersetzungen aus dem Italienischen von Maria Anna Söllner</marc:subfield>
   </marc:datafield>
   <marc:datafield ind1=" " ind2="1" tag="264">
      <marc:subfield code="a">München</marc:subfield>
      <marc:subfield code="b">MALIK</marc:subfield>
      <marc:subfield code="c">2018</marc:subfield>
   </marc:datafield>
   <marc:datafield ind1="1" ind2=" " tag="520">
      <marc:subfield code="a">Im Jahr der Studentenrevolution1968 gelingt Reinhold Messner am Heiligkreuzkofel in den Dolomiten seine schwierigste Erstbegehung. Im Yosemite ruft Royal Robbins das »Clean Climbing« aus. Mit seinem Aufsatz »Mord am Unmöglichen« lanciert der 24-jährige Messner einen glühenden Appell zum Verzicht technischer Hilfsmittel beim Klettern, andere folgen ihm. So beginnt eine Bewegung, der nach der Öffnung der Schwierigkeitsskala eine unaufhaltsame Steigerung gelingt. 50 Jahre nach der Veröffentlichung und der Debatte darum nehmen die weltbesten Kletterer Stellung zu Entwicklung und Status Quo. Sie hinterfragen Messners Thesen, erzählen die Kunst, schwierigste Felswände zu erklimmen, fort und zeigen die zeitlose Dimension von Messners Plädoyer.</marc:subfield>
   </marc:datafield>
   <marc:datafield ind1=" " ind2=" " tag="020">
      <marc:subfield code="a">9783890295138</marc:subfield>
      <marc:subfield code="9">9783890295138</marc:subfield>
   </marc:datafield>
   <marc:datafield ind1=" " ind2=" " tag="020">
      <marc:subfield code="a">3890295134</marc:subfield>
      <marc:subfield code="9">3890295134</marc:subfield>
   </marc:datafield>
   <marc:datafield ind1=" " ind2=" " tag="300">
      <marc:subfield code="a">351 Seiten, 24 ungezählte Seiten : Illustrationen</marc:subfield>
   </marc:datafield>
</marc:record>
